| 000 -LEADER |
| fixed length control field |
00548nam a22001457a 4500 |
| 020 ## - INTERNATIONAL STANDARD BOOK NUMBER |
| International Standard Book Number |
9780190125844 |
| 082 ## - DEWEY DECIMAL CLASSIFICATION NUMBER |
| Classification number |
A99 N315\85 |
| 245 ## - TITLE STATEMENT |
| Title |
Selected works of Jawaharlal Nehru, vol.85 (1 January - 26 May 1964) |
| Statement of responsibility, etc |
edited by Madhavan K. Palat |
| 260 ## - PUBLICATION, DISTRIBUTION, ETC. (IMPRINT) |
| Place of publication, distribution, etc |
New Delhi |
| Name of publisher, distributor, etc |
Jawaharlal Nehru Memorial Fund |
| Date of publication, distribution, etc |
2019 |
| 300 ## - PHYSICAL DESCRIPTION |
| Extent |
xxii, 521p. |
| 650 ## - SUBJECT ADDED ENTRY--TOPICAL TERM |
| Topical term or geographic name as entry element |
India -- Politics and government -- 1947- |
| 9 (RLIN) |
16372 |
| 650 ## - SUBJECT ADDED ENTRY--TOPICAL TERM |
| Topical term or geographic name as entry element |
India -- History -- 1947- |
| 9 (RLIN) |
16373 |
| 650 ## - SUBJECT ADDED ENTRY--TOPICAL TERM |
| Topical term or geographic name as entry element |
India -- Foreign relations -- 1947-1984. |
| 9 (RLIN) |
16374 |
| 700 ## - ADDED ENTRY--PERSONAL NAME |
| Personal name |
Palat, Madhavan K., ed. |
| 9 (RLIN) |
16047 |